000 00790nam a22002297a 4500
003 OSt
005 20230605033920.0
008 230605b |||||||| |||| 00| 0 eng d
022 _29786214510252
040 _aDivine Word College Library
_cOC
082 _a372.64
_b2
100 _aGonzales, Jennifer B.
_913
245 _aChildren and adolescent literature /
_cJennifer B. Gonzales
260 _aQuezon City, Philippines:
_bLorimar Publishing inc.
_c2022
300 _axiv, 130 pages:
_billustrations;
_c26cm.
504 _aincludes bibliographical references
600 0 _aBaclayon, Joshlen C.
_927
600 0 _aBustamante, Jeson A.
_928
650 0 _aAdolescent literature-- study and teaching
_922
650 0 _achildren's literature-- study and teaching
_925
942 _2ddc
_cBK - FIL
_n0
999 _c20
_d20